000 00537nam a22001697a 4500
005 20251108174612.0
008 250721s2002 xx 000 0 ara d
082 1 4 _a956.402/كوت
100 1 _aكوتلير، يائير
_eمؤلف
245 1 0 _aالزرزور و الغراب /
264 1 _aرام الله :
_bالمركز الفلسطيني للدراسات الاسرائيلية،
_c2002.
300 _a338 ص
650 1 7 _aاسراايل
700 1 _aعياش، سعيد
_eمترجم
942 _2ddc
_cBK
999 _c113295
_d113295